000 00321 a2200157 4500
001 58233
020 _a8532238351
040 _cAnchieta - Pituba
100 _aAlencar, José de
240 1 0 _aO guarani
_lpor
245 1 0 _aO guarani
300 _a456
362 0 _a1999
650 4 _aFicção brasileira
942 _cBK
999 _c58233
_d58233